Tierras con alma : (Record no. 188411)
[ view plain ]
| 000 -LEADER | |
|---|---|
| campo de control de longitud fija | 01146nam a2200277 i 4500 |
| 001 - NÚMERO DE CONTROL | |
| campo de control | 188411 |
| 003 - IDENTIFICADOR DE NÚMERO DE CONTROL | |
| campo de control | SpMaBN |
| 005 - FECHA Y HORA DE LA ÚLTIMA TRANSACCIÓN | |
| campo de control | 20250303063153.0 |
| 008 - DATOS DE LONGITUD FIJA--INFORMACIÓN GENERAL | |
| campo de control de longitud fija | 180919s2017 sp a |||| | spa d |
| 020 ## - NÚMERO INTERNACIONAL ESTÁNDAR DEL LIBRO | |
| Número Internacional Estándar del Libro | 978-84-95726-15-5 |
| 080 ## - NÚMERO DE LA CLASIFICACIÓN DECIMAL UNIVERSAL | |
| Número de la Clasificación Decimal Universal | 75 Acedo, Ángela (083.824) |
| 100 1# - ENTRADA PRINCIPAL--NOMBRE DE PERSONA | |
| Nombre de persona | Acedo, Ángela, |
| Término indicativo de función/relación | Autor |
| 9 (RLIN) | 165511 |
| 245 10 - MENCIÓN DEL TÍTULO | |
| Título | Tierras con alma : |
| Resto del título | [exposición] / |
| Mención de responsabilidad, etc. | Ángela Acedo ; [textos, Esteban Bernal, Ángela Acedo]. |
| 260 ## - PUBLICACIÓN, DISTRIBUCIÓN, ETC. | |
| Lugar de publicación, distribución, etc. | [Murcia] : |
| Nombre del editor, distribuidor, etc. | Fundación Cajamurcia, |
| Fecha de publicación, distribución, etc. | [2017] |
| 300 ## - DESCRIPCIÓN FÍSICA | |
| Extensión | [32] p. : |
| Otras características físicas | principalmente il. col. ; |
| Dimensiones | 21 x 21 cm. |
| 585 ## - NOTA DE EXPOSICIONES | |
| Nota de exposiciones | Exposición: Fundación Cajamurcia en Madrid (del 27 de sept. al 27 de oct.) y Cartagena (del 14 de nov. al 7 de dic. de 2017) |
| 600 17 - PUNTO DE ACCESO ADICIONAL DE MATERIA--NOMBRE DE PERSONA | |
| Nombre de persona | Acedo, Ángela, |
| Fuente del encabezamiento o término | embne |
| 9 (RLIN) | 165511 |
| 655 #7 - TERMINO DE INDIZACIÓN--GENERO/FORMA | |
| Fuente del término | tgfbne |
| 9 (RLIN) | 193628 |
| Datos o término principal de género/forma | Catálogos de exposiciones |
| 700 0# - ENTRADA AGREGADA--NOMBRE PERSONAL | |
| Nombre de persona | Bernal Aguirre, Esteban |
| 9 (RLIN) | 28187 |
| Término indicativo de función/relación | Autor |
| 710 2# - ENTRADA AGREGADA--NOMBRE DE ENTIDAD CORPORATIVA | |
| Nombre de entidad corporativa o nombre de jurisdicción como elemento de entrada | Fundación Caja Murcia |
| Término indicativo de función/relación | Sede |
| 9 (RLIN) | 239712 |
| 852 ## - LOCALIZACIÓN | |
| Ubicación | ES-MaACL |
| Número de control de estantería | A-14244 |
| itemnumber | 195541 |
| Sublocalización o colección | R.151904 |
| Ubicación en estantería | Depósito 1 |
| Signatura antigua | Olim: N-7244 |
| Donativo/Legado | Donación: Angela Acedo |
| 903 ## - NOMBRE PERSONAL DE DONANTE | |
| a | Acedo, Ángela, |
| e | Donante |
| 9 | 165511 |
| 942 ## - ELEMENTOS DE ENTRADA SECUNDARIOS (KOHA) | |
| Fuente del sistema de clasificación o colocación | Clasificación decimal universal |
| Tipo de ítem Koha | Libro impreso |
| Estatus retirado | Estado de pérdida | Fuente del sistema de clasificación o colocación | Estado de daño | No para préstamo | Biblioteca de origen | Biblioteca actual | Ubicación en estantería | Fecha de adquisición | Fuente de adquisición | Total de préstamos | Signatura topográfica completa | Código de barras | Visto por última vez | Precio de reemplazo | Tipo de ítem Koha |
|---|---|---|---|---|---|---|---|---|---|---|---|---|---|---|---|
| Clasificación decimal universal | Biblioteca del Ateneo de Madrid | Biblioteca del Ateneo de Madrid | Depósito 1 | 19/09/2018 | Donación | A-14244 | 1199310 | 23/02/2023 | 23/02/2023 | Libro impreso |
